Time After Time - Cyndi Lauper (All Lyrics) - Statistics

General Stats
  • This quiz has been taken 60 times
  • The average score is 208 of 260
Answer Stats
Answer % Correct
after-
100%
after
100%
After
100%
Time
100%
time
100%
be
97%
I
97%
will
97%
you
97%
you,
97%
You
97%
If
95%
if
95%
me,
95%
me
95%
and
92%
the
89%
The
89%
waiting
89%
I'll
86%
catch
84%
fall
84%
fall,
84%
find
84%
You're
84%
you're
84%
lost,
81%
can
78%
look,
78%
Then
78%
of
76%
my
73%
in
70%
to
68%
behind
65%
"Go
65%
hear
65%
think
65%
hand
62%
say,
62%
second
62%
picture
59%
what
59%
I'm
57%
is
54%
slow",
54%
unwinds
54%
clock
51%
Sometimes
51%
tick
51%
too
51%
has
49%
fades
46%
far
46%
up
46%
bed,
43%
can't
43%
okay
43%
turned
43%
darkness
41%
gray
41%
left
41%
Lyin'
41%
new
41%
nothing
41%
out
41%
said
41%
said,
41%
walking
41%
ahead
38%
drum
38%
you've
38%
beats
35%
calling
35%
circles,
35%
confusion
35%
memories
35%
wondering
35%
almost
32%
Caught
32%
Flashback,
32%
from
32%
nights
32%
Suitcase
32%
warm
30%
through
24%
Secrets
22%
windows,
22%
deep
16%
inside
16%
stolen
16%
Watchin'
16%
No matching quizzes found
Score Distribution
Percent of People with Each Score
Percentile by Number Answered
Your Score History
You have not taken this quiz